REFORMASI pertanian Malaysia ke arah wawasan 2020

Bibliographic Details
Other Authors: Abdul Hamid Jaafar, Abdul Malik Ismail, Chamhuri Siwar , 1949-
Format: Book
Published: Bangi, Selangor : Penerbit UKM , 1998
Subjects:

MARC

LEADER 00000cam a2200000 7i4500
001 0000000140
005 20000921.0
020 0 0 |a 9679423905 
090 0 0 |a 338.109595   |b REF 1998 
245 0 0 |a REFORMASI pertanian Malaysia ke arah wawasan 2020   |c disunting oleh Chamhuri Siwar, Abdul Malik Ismail dan Abdul Hamid Jaafar 
260 0 0 |a Bangi, Selangor :   |b Penerbit UKM ,   |c 1998 
300 |a 474 p. ;   |c 23 cm. 
500 0 0 |a Bibliography: [p. 457-466] and index 
650 0 0 |a Agriculture industries   |z Malaysia   |x Forecasting 
650 0 0 |a Agriculture   |x Economic aspects   |z Malaysia   |x Forecasting 
700 0 1 |a Abdul Hamid Jaafar 
700 0 1 |a Abdul Malik Ismail 
700 0 1 |a Chamhuri Siwar ,   |c 1949- 
999 |a 0000000188   |b Monograph   |c Open Shelf   |e Default branch 
999 |a 0000001354   |b Monograph   |c Open Shelf   |e Default branch 
999 |a 0000001775   |b Monograph   |c Open Shelf   |e Default branch